000 00890nam a2200265 a 4500
999 _c2363
_d2363
008 200313s2018 ii ad||g m|||a00| 0 eng d
040 _aKO
_beng
041 0 _aeng
044 _aii
082 0 4 _223
_a378.242
_bIRM1725
100 1 _aJ, Prashanth
_eResearcher
245 1 0 _aProcurement and Supply Chain Management of Clifton Export (P) Ltd /
_cPrashanth J ; Guide Dr. U. Sreejith
260 _aKochi :
_bIndian Maritime University,
_c2018
300 _a36 p. :
_bill., charts ;
_c29 cm.
490 0 _aMBA Internship 2017-19 ;
_v1705305025
502 _aInternship (MBA)–Indian Maritime University. School of Maritime Management, 2019.
610 2 0 _aClifton Export (P) Ltd
650 0 _aBusiness logistics
650 0 _aExport controls
655 7 _2lcsh
_aDissertations, Academic
_y2018
700 1 _aSreejith, U.
_cDr.
_eGuide
904 _aReshma_R
942 _cTH